LDR 00915naa#a2200241#i#450# 001 EN\\bibl\119824 005 20260603234231.3 011 ## _a2076-0655 100 ## _a20260605b2026####ek#y0engy0150####ca 101 0# _aRUS 102 ## _aRU 200 1# _aTHE INFLUENCE OF VARIOUS BINDERS AND ADDITIVES ON THE PRODUCTION AND PROPERTIES OF NON-AUTOCLAVED FOAM CONCRETE _eJournal article 210 1# _aMoscow _cIndividual Entrepreneur Svetlana Vasilievna Samchenko _d2026 215 ## _a11 с. 608 ## _aJournal article _2local 675 ## _aПрочие цементы и смеси цементов. 666.949 _zRUS 686 ## _aСтроительные материалы и изделия. 67.09 _2grnti 700 #1 _aSavenkov _gAndrey Ivanovich 700 #1 _aFediuk _gRoman Sergeevich 700 #1 _aLimarev _gVitaly Nikolaevich 700 #1 _aAnvarov _gAskar Ramilevich 700 #1 _aNedoseko _gIgor Vadimovich 856 4# _atsilicates.ru _u